000 01326nam a2200337 i 4500
001 192207
003 SpMaBN
005 20250827062551.0
008 221119s2016 sp o000 0 spa
017 _aM 17456-2016
_bOficina Depósito Legal Madrid
020 _a9788474767025
024 7 _aNIPO 004-16-011-5
_2nipo
035 _a(OCoLC)962039421
040 _aSpMaBN
_bspa
_cSpMaBN
_erdc
080 _a342.7(=1:5-12-81)
100 1 _aInguanzo Ortiz, Isabel
_9234997
_eaut
245 1 0 _aReconocimiento de los derechos de los pueblos indígenas en el Sudeste Asiático :
_bun análisis comparado /
_cIsabel Inguanzo Ortiz
250 _aPrimera edición, junio 2016
260 _aMadrid :
_bCentro de Investigaciones Sociológicas,
_c2016.
300 _a326 páginas ;
_c21 cm.
490 1 _aMonografías ;
_v297
500 _aÍndices
504 _aBibliografía: páginas [289]-302.
650 7 _aPueblos indígenas-
_xEstatuto jurídico-
_zAsia sudoriental
_9175846
710 2 _aCentro de Investigaciones Sociológicas (España)
_92708
830 0 0 _aMonografías (Centro de Estudios Benaventanos "Ledo del Pozo")
_v297
_9177262
852 4 _aES-MaACL
_jN-8159
_bR. 152911
_cDEPOJ
_hDonación: Editorial
_9199489
942 _cMONOGRAFIA
_n0
999 _c192207
_d192207